Yo puedo escribir un cuento. Taller de prácticas de comprensión y producción linguísticas

Сохранить в:
Библиографические подробности
Главный автор: Pérez, Elena del Carmen (Автор)
Формат:
Язык:испанский
Опубликовано: Córdoba Comunicarte 2005
Редактирование:1a. ed
Серии:Lengua y Discurso
Предметы:
Метки: Добавить метку
Нет меток, Требуется 1-ая метка записи!

MARC

LEADER 00000nam a2200000 a 4500
001 UCI2568
003 CL-VaPUC
008 070831e20050000AG |||||||||||||||||spa|d
020 |a 9871151489 
082 0 4 |a 808.06  |b PER  |2 21 
100 0 |a Pérez, Elena del Carmen  |e author  |9 523571 
245 1 0 |a Yo puedo escribir un cuento. Taller de prácticas de comprensión y producción linguísticas 
250 |a 1a. ed 
300 |a 104 p 
942 |c BK 
945 |d 20070831 00:00:00  |a rbrito 
260 |a Córdoba  |b Comunicarte  |c 2005 
650 0 |a Redacción técnica  |9 259855 
650 0 |a Proceso de comunicación   |9 332060 
650 0 |a Escritura  |9 264941 
650 0 |a Composición literaria  |9 324494 
650 7 |a ESCRITURA MANUSCRITA  |2 CL-VaPUC  |9 336432 
650 0 |a Técnicas de comunicación  |9 334811 
583 |a last modification  |c 20070831 00:00:00  |k Rodrigo Vera 
490 0 |a Lengua y Discurso 
999 |c 327059  |d 327057 
952 |0 0  |1 0  |4 0  |6 808_060000000000000_PER_2005  |7 0  |8 A  |9 409466  |a FDOPOS  |b FDOPOS  |d 2019-11-22  |i 4368290  |o 808.06 PER 2005  |p 4368290  |r 2025-01-22  |w 2019-11-22  |y BK  |k MLA